Normal view
MARC view
Entry Personal Name
001 - CONTROL NUMBER
- control field: 10656
003 - CONTROL NUMBER IDENTIFIER
- control field: ARRUPE
005 - DATE AND TIME OF LATEST TRANSACTION
- control field: 20140606113033.0
008 - FIXED-LENGTH DATA ELEMENTS
- fixed length control field: 140606|| aca||aabn | a|a d
040 ## - CATALOGING SOURCE
- Original cataloging agency: ARRUPE
- Transcribing agency: ARRUPE
100 ## - HEADING--PERSONAL NAME
- Personal name: Lowenthal, David.
670 ## - SOURCE DATA FOUND
- Source citation: Work cat.: (ARRUPE)0: Montesquieu, Charles de Secondat, baron de, 1689-1755. 10653, Considerations on the causes of the greatness of the Romans and their decline /, 1999.